Before photography : painting and the invention of photography /

Bibliographic Details
Main Author: Galassi, Peter
Corporate Author: Museum of Modern Art (New York, N.Y.)
Format: Book
Language:English
Published: New York : Musuem of Modern Art ; [1981]
Subjects:

MARC

Tag First Indicator Second Indicator Subfields
LEADER 00000cam a2200000 a 4500
001 in00000081967
005 20151008055438.0
008 811217s1981 nyua bc 00110 eng
010 |a  81080568  
019 |a 7570159 
020 |a 0870702548 (pbk.) 
020 |a 087070253X 
035 |a (OCoLC)07566544 
035 |9 AAJ3484AM 
039 0 |a 2  |b 3  |c 3  |d 3  |e 3 
040 |a DLC  |c DLC  |d TXA  |d UtOrBLW 
049 |a TXAM  |c [1804559] 
050 0 0 |a N6450  |b .G23 
082 0 |a 760/.09/034074013  |2 19 
100 1 |a Galassi, Peter. 
245 1 0 |a Before photography :  |b painting and the invention of photography /  |c Peter Galassi. 
264 1 |a New York :  |b Musuem of Modern Art ;  |c [1981] 
264 2 |a Boston :  |b Distributed by New York Graphic Society, 
264 4 |c ©1981 
300 |a 151 pages :  |b illustrations (some color) ;  |c 22 x 26 cm. 
336 |a text  |b txt  |2 rdacontent 
337 |a unmediated  |b n  |2 rdamedia 
338 |a volume  |b nc  |2 rdacarrier 
500 |a Catalog of an exhibition held at the Museum of Modern Art, New York, May 9-July 5, 1981, and other institutions. 
500 |a Includes index. 
504 |a Bibliography: pages 146-149. 
650 0 |a Art, Modern  |y 19th century  |v Exhibitions. 
650 0 |a Art and photography  |v Exhibitions. 
650 0 |a Photography, Artistic  |v Exhibitions. 
710 2 |a Museum of Modern Art (New York, N.Y.) 
999 |a MARS 
999 f f |s 29682a2a-929d-308f-85dc-bd0abac15fcf  |i d7d97a6a-9f71-34c8-8838-6c60d3e45662  |t 0 
952 f f |p normal  |a Texas A&M University  |b College Station  |c Sterling C. Evans Library  |d Evans: Library Stacks  |t 0  |e N6450 .G23  |h Library of Congress classification  |i unmediated -- volume  |m A14806166259 
998 f f |a N6450 .G23  |t 0  |l Evans: Library Stacks